000 00354nam a22001337a 4500
005 20260323123017.0
008 260323b |||||||| |||| 00| 0 eng d
040 _cFLL
041 _2eng
_aeng
100 _aRao, Shitize
_91137593
245 _aStudy of Death Penalty for Child Rape in India
260 _aDU
_bFaculty of Law
_c2022
942 _2CC
_cDIS
999 _c1726389
_d1726389